[Event "FIDE Disabilities Olym"]
[Site "Belgrade"]
[Date "2023.02.04"]
[Round "?"]
[White "Gora, Tapiwa"]
[Black "Banda, Aaron"]
[Result "0-1"]
[WhiteElo "1959"]
[BlackElo "1901"]
[PlyCount "84"]
[EventDate "2023.01.30"]
[EventType "team-swiss"]
[EventRounds "6"]
[EventCountry "SRB"]
[SourceTitle "CBM 212 Extra"]
[Source "ChessBase"]
[SourceDate "2023.03.31"]
[SourceVersion "1"]
[SourceVersionDate "2023.03.31"]
[SourceQuality "1"]
[WhiteTeam "Zimbabwe"]
[BlackTeam "Zambia"]
[WhiteTeamCountry "ZIM"]
[BlackTeamCountry "ZAM"]

1. e4 d6 2. d4 Nf6 3. Nc3 g6 4. Bg5 Bg7 5. Qd2 c6 6. Bh6 Bxh6 7. Qxh6 e5 8. 0-0-0 Qe7 9. h3 Be6 10. f4 exd4 11. Rxd4 c5 12. Rd1 Nc6 13. g4 0-0-0 14. f5 Bd7 15. Bg2 Nd4 16. Nf3 Nxf3 17. Bxf3 Bc6 18. Rhe1 Nd7 19. Qf4 Ne5 20. f6 Qe6 21. Bg2 h6 22. Rd2 g5 23. Qf5 Qxf5 24. exf5 Rhe8 25. Red1 Kc7 26. Bxc6 bxc6 27. Re2 Nd7 28. Rg2 Nxf6 29. Rh1 d5 30. Kd1 d4 31. Na4 Kd6 32. b3 Nd5 33. Kd2 Re4 34. Nb2 Nf4 35. Rf2 Rde8 36. Rhh2 Nd5 37. Nd3 Nc3 38. a4 Re3 39. Rfg2 Rf3 40. h4 Rf1 41. Nf2 Nb1+ 42. Kd3 Re3+ 0-1

[Event "FIDE Disabilities Olym"]
[Site "Belgrade"]
[Date "2023.01.30"]
[Round "?"]
[White "Jankunas, Tomas"]
[Black "Gora, Tapiwa"]
[Result "0-1"]
[WhiteElo "2127"]
[BlackElo "1959"]
[PlyCount "84"]
[EventDate "2023.01.30"]
[EventType "team-swiss"]
[EventRounds "6"]
[EventCountry "SRB"]
[SourceTitle "CBM 212 Extra"]
[Source "ChessBase"]
[SourceDate "2023.03.31"]
[SourceVersion "1"]
[SourceVersionDate "2023.03.31"]
[SourceQuality "1"]
[WhiteTeam "ICCD"]
[BlackTeam "Zimbabwe"]
[BlackTeamCountry "ZIM"]

1. e4 d5 2. exd5 Nf6 3. d4 Bg4 4. Nf3 Qxd5 5. Be2 Nc6 6. c4 Qf5 7. Be3 e6 8. Nc3 Be7 9. h3 Bxf3 10. Bxf3 Nb4 11. 0-0 c6 12. Rc1 Nd3 13. Qb3 Nxc1 14. Qxb7 0-0 15. Rxc1 Bd6 16. Qxc6 Rad8 17. Ne4 Nxe4 18. Bxe4 Qa5 19. Bb1 Qb4 20. b3 Rfe8 21. Qf3 Be7 22. Be4 Bf6 23. Rd1 Qc3 24. Bc6 Re7 25. d5 exd5 26. cxd5 Be5 27. g3 Bd6 28. Kg2 Qa5 29. a4 Qb4 30. Bd4 Kf8 31. Qg4 f6 32. Rd3 Qe1 33. Be3 Qb1 34. Qc4 Kf7 35. a5 Qe1 36. a6 Rb8 37. Bb7 Rc7 38. Qe4 Re8 39. Qxh7 Rc2 40. Qh5+ Kf8 41. Qf3 Re5 42. Rd1 Qxe3 0-1

[Event "Online Olym Disabilities"]
[Site "Tornelo INT"]
[Date "2020.11.26"]
[Round "6.22"]
[White "Fernandez Manrique, Agustin"]
[Black "Gora, Tapiwa"]
[Result "1-0"]
[WhiteElo "2090"]
[BlackElo "1929"]
[PlyCount "45"]
[EventDate "2020.11.21"]
[EventType "team-swiss (rapid)"]
[EventRounds "7"]
[EventCountry "NET"]
[SourceTitle "CBM 199 Extra"]
[Source "ChessBase"]
[SourceDate "2021.01.31"]
[SourceVersion "1"]
[SourceVersionDate "2021.01.31"]
[SourceQuality "1"]
[WhiteTeam "Spain"]
[BlackTeam "Zimbabwe"]
[WhiteTeamCountry "ESP"]
[BlackTeamCountry "ZIM"]

1. c4 Nf6 2. Nc3 e6 3. e4 d5 4. e5 d4 5. exf6 dxc3 6. bxc3 Qxf6 7. Bd3 e5 8. Nf3 Bg4 9. Be4 Nc6 10. 0-0 Be7 11. Rb1 b6 12. d4 0-0 13. Bxc6 Qxc6 14. Nxe5 Qe4 15. Qxg4 Qxg4 16. Nxg4 f6 17. Ne3 c6 18. Nf5 Bd8 19. Re1 Kf7 20. Ba3 Rh8 21. Re3 g5 22. g4 Re8 23. Nd6+ 1-0

[Event "Online Olym Disabilities"]
[Site "Tornelo INT"]
[Date "2020.11.25"]
[Round "5.23"]
[White "Gora, Tapiwa"]
[Black "Stroe, Constantin"]
[Result "1-0"]
[WhiteElo "1929"]
[BlackElo "1917"]
[PlyCount "35"]
[EventDate "2020.11.21"]
[EventType "team-swiss (rapid)"]
[EventRounds "7"]
[EventCountry "NET"]
[SourceTitle "CBM 199 Extra"]
[Source "ChessBase"]
[SourceDate "2021.01.31"]
[SourceVersion "1"]
[SourceVersionDate "2021.01.31"]
[SourceQuality "1"]
[WhiteTeam "Zimbabwe"]
[BlackTeam "Romania II"]
[WhiteTeamCountry "ZIM"]
[BlackTeamCountry "ROU"]

1. e4 e6 2. Nf3 d5 3. Nc3 Nf6 4. e5 Nfd7 5. d4 c5 6. dxc5 Bxc5 7. Bd3 Nc6 8. Bf4 Qb6 9. 0-0 Qxb2 10. Nb5 0-0 11. Bxh7+ Kxh7 12. Ng5+ Kg6 13. Qd3+ f5 14. Rfb1 Ndxe5 15. Qe2 Nf3+ 16. Qxf3 Qxc2 17. Rc1 Qe2 18. Qxe2 1-0

[Event "Online Olym Disabilities"]
[Site "Tornelo INT"]
[Date "2020.11.21"]
[Round "1.18"]
[White "Gora, Tapiwa"]
[Black "Gonzalez Astete, Cristian"]
[Result "1-0"]
[WhiteElo "1929"]
[BlackElo "2130"]
[PlyCount "67"]
[EventDate "2020.11.21"]
[EventType "team-swiss (rapid)"]
[EventRounds "7"]
[EventCountry "NET"]
[SourceTitle "CBM 199 Extra"]
[Source "ChessBase"]
[SourceDate "2021.01.31"]
[SourceVersion "1"]
[SourceVersionDate "2021.01.31"]
[SourceQuality "1"]
[WhiteTeam "Zimbabwe"]
[BlackTeam "Chile"]
[WhiteTeamCountry "ZIM"]
[BlackTeamCountry "CHI"]

1. e4 c5 2. Nf3 d6 3. d4 cxd4 4. Nxd4 Nf6 5. Nc3 a6 6. Bg5 e6 7. f4 h6 8. Bh4 Be7 9. Qf3 Qc7 10. 0-0-0 Nbd7 11. Bd3 g5 12. fxg5 Ne5 13. Qe2 Nh7 14. Nf3 Ng6 15. Bg3 Nxg5 16. h4 Nxf3 17. gxf3 Bd7 18. f4 0-0-0 19. h5 Nf8 20. f5 Bg5+ 21. Kb1 Bc6 22. Rhf1 Nd7 23. Bc4 Rhe8 24. fxe6 fxe6 25. Bxd6 Qa5 26. b4 Qa3 27. b5 Qxc3 28. bxc6 Nb6 29. cxb7+ Kxb7 30. Bxa6+ Ka7 31. Rf7+ Nd7 32. Qb5 Rb8 33. Rxd7+ Ka8 34. Bb7+ 1-0